000 00321nam a2200145Ia 4500
008 230312s9999||||xx |||||||||||||| ||und||
020 _a93-325-1909-1
082 _a515
_bTHO-C
100 _aThomes;George
245 0 _aCalculus
260 _bDorling
_aIndia
_c2014
300 _a1108
650 _aEconomics
942 _cBK
999 _c1645
_d1645